<?xml version="1.0" encoding="UTF-8"?>
<collection xmlns="http://www.loc.gov/MARC21/slim">
 <record>
  <leader>01507nam a2200313 a 4500</leader>
  <controlfield tag="001">5585</controlfield>
  <controlfield tag="003">BD-DhAAL</controlfield>
  <controlfield tag="008">091008s1994    bg       b    000 0 eng d</controlfield>
  <datafield tag="010" ind1=" " ind2=" ">
   <subfield code="a">   95903592 </subfield>
  </datafield>
  <datafield tag="040" ind1=" " ind2=" ">
   <subfield code="a">DLC</subfield>
   <subfield code="c">DLC</subfield>
   <subfield code="d">DLC</subfield>
   <subfield code="d">BD-DhAAL</subfield>
  </datafield>
  <datafield tag="082" ind1="0" ind2="0">
   <subfield code="a">362.8292095492</subfield>
  </datafield>
  <datafield tag="100" ind1="1" ind2=" ">
   <subfield code="a">Jahan, Roushan.</subfield>
  </datafield>
  <datafield tag="245" ind1="1" ind2="0">
   <subfield code="a">Hidden danger :</subfield>
   <subfield code="b">women and family violence in Bangladesh /</subfield>
   <subfield code="c">Roushan Jahan.</subfield>
  </datafield>
  <datafield tag="260" ind1=" " ind2=" ">
   <subfield code="a">Dhaka :</subfield>
   <subfield code="b">Women for Women,</subfield>
   <subfield code="c">1994.</subfield>
  </datafield>
  <datafield tag="300" ind1=" " ind2=" ">
   <subfield code="a">vii, 165 pages ;</subfield>
   <subfield code="c">23 cm.</subfield>
  </datafield>
  <datafield tag="504" ind1=" " ind2=" ">
   <subfield code="a">Includes bibliographical references (pages 151-154).</subfield>
  </datafield>
  <datafield tag="541" ind1="1" ind2=" ">
   <subfield code="e">5585</subfield>
  </datafield>
  <datafield tag="650" ind1=" " ind2="0">
   <subfield code="a">Women</subfield>
   <subfield code="x">Crimes against</subfield>
   <subfield code="z">Bangladesh.</subfield>
  </datafield>
  <datafield tag="650" ind1=" " ind2="0">
   <subfield code="a">Wife abuse</subfield>
   <subfield code="z">Bangladesh.</subfield>
   <subfield code="9">1363</subfield>
  </datafield>
  <datafield tag="650" ind1=" " ind2="0">
   <subfield code="a">Family violence</subfield>
   <subfield code="z">Bangladesh.</subfield>
   <subfield code="9">1364</subfield>
  </datafield>
  <datafield tag="650" ind1=" " ind2="0">
   <subfield code="a">Abused women</subfield>
   <subfield code="z">Bangladesh.</subfield>
   <subfield code="9">1362</subfield>
  </datafield>
  <datafield tag="710" ind1="2" ind2=" ">
   <subfield code="a">Women for Women (Organization : Bangladesh)</subfield>
  </datafield>
  <datafield tag="740" ind1="0" ind2=" ">
   <subfield code="a">Women and family violence in Bangladesh.</subfield>
  </datafield>
  <datafield tag="852" ind1="4" ind2=" ">
   <subfield code="a">Ayesha Abed Library</subfield>
   <subfield code="c">General Stacks</subfield>
  </datafield>
  <datafield tag="942" ind1=" " ind2=" ">
   <subfield code="2">ddc</subfield>
   <subfield code="c">BK</subfield>
  </datafield>
  <datafield tag="999" ind1=" " ind2=" ">
   <subfield code="c">4354</subfield>
   <subfield code="d">4354</subfield>
  </datafield>
  <datafield tag="952" ind1=" " ind2=" ">
   <subfield code="0">0</subfield>
   <subfield code="1">0</subfield>
   <subfield code="2">ddc</subfield>
   <subfield code="4">0</subfield>
   <subfield code="6">362_829209549200000_JAH</subfield>
   <subfield code="7">0</subfield>
   <subfield code="9">4047</subfield>
   <subfield code="a">BRACUL</subfield>
   <subfield code="b">BRACUL</subfield>
   <subfield code="c">GEN</subfield>
   <subfield code="d">2009-10-10</subfield>
   <subfield code="g">125.00</subfield>
   <subfield code="l">3</subfield>
   <subfield code="m">16</subfield>
   <subfield code="o">362.8292095492 JAH</subfield>
   <subfield code="p">3010005585</subfield>
   <subfield code="r">2022-09-06</subfield>
   <subfield code="s">2022-06-08</subfield>
   <subfield code="t">1</subfield>
   <subfield code="w">2009-10-10</subfield>
   <subfield code="y">BK</subfield>
  </datafield>
  <datafield tag="952" ind1=" " ind2=" ">
   <subfield code="0">0</subfield>
   <subfield code="1">0</subfield>
   <subfield code="2">ddc</subfield>
   <subfield code="4">0</subfield>
   <subfield code="6">362_829209549200000_JAH</subfield>
   <subfield code="7">0</subfield>
   <subfield code="9">6614</subfield>
   <subfield code="a">BRACUL</subfield>
   <subfield code="b">BRACUL</subfield>
   <subfield code="c">GEN</subfield>
   <subfield code="d">2009-12-30</subfield>
   <subfield code="g">125.00</subfield>
   <subfield code="l">0</subfield>
   <subfield code="o">362.8292095492 JAH</subfield>
   <subfield code="p">3010005427</subfield>
   <subfield code="r">2018-08-30</subfield>
   <subfield code="t">2</subfield>
   <subfield code="w">2009-12-30</subfield>
   <subfield code="y">BK</subfield>
  </datafield>
  <datafield tag="952" ind1=" " ind2=" ">
   <subfield code="0">0</subfield>
   <subfield code="1">0</subfield>
   <subfield code="2">ddc</subfield>
   <subfield code="4">0</subfield>
   <subfield code="6">362_829209549200000_JAH</subfield>
   <subfield code="7">0</subfield>
   <subfield code="9">23715</subfield>
   <subfield code="a">BIGD</subfield>
   <subfield code="b">BIGD</subfield>
   <subfield code="c">GEN</subfield>
   <subfield code="d">2013-11-21</subfield>
   <subfield code="e">Women for Women</subfield>
   <subfield code="g">125.00</subfield>
   <subfield code="l">0</subfield>
   <subfield code="o">362.8292095492 JAH</subfield>
   <subfield code="p">3050027771</subfield>
   <subfield code="r">2014-04-15</subfield>
   <subfield code="t">3</subfield>
   <subfield code="w">2013-11-21</subfield>
   <subfield code="y">BK</subfield>
   <subfield code="x">Transferred from BDI to BIGD.</subfield>
  </datafield>
 </record>
</collection>
